000 00655nam a2200205 i 4500
001 bgj
100 1 _aBRUNI, Cristiana
245 1 0 _aEnglish Adventure :
_bpodręcznik dla szkoły podstawowej : Pupils' Book and Activity Book /
_cCristiana Bruni ; konsultacja: Mariola Bogucka.
260 _aHarlow, Essex :
_bLongman,
_c2006.
300 _a120 pp :
_bill. ;
_c28 cm.
650 9 _aEnglish language
_xPrimary Schools
655 _aTextbooks for foreigners
700 1 _aBOGUCKA, Mariola.
_econsult.
020 _a0582828813
040 _cBPK
041 0 _aeng
920 _a0-582-82881-3
942 _cKS
008 s uk f |000 0 eng
999 _c49013
_d49013